| 000 | 00831nam a2200265 a 4500 | ||
|---|---|---|---|
| 001 | 000023298 | ||
| 003 | DO-SdBNP | ||
| 005 | 20250603120043.0 | ||
| 008 | 771019s2001 sp a b 001 0 spa d | ||
| 020 | _a8420530948 | ||
| 040 |
_aDO-SdBNP _cspa _dBNPHU |
||
| 049 | _aBNGR | ||
| 082 |
_a657 _bC759 |
||
| 245 | 0 | 0 |
_aContabilidad de sociedades / _cMaria Ángeles Goxens Orensanz ... [et al.]. |
| 260 |
_aMadrid : _bPearson Educación, _c2001. |
||
| 300 |
_a466 p. : _bil. ; _c24 cm. |
||
| 500 | _aIncluye índice analítico. | ||
| 650 | 0 |
_aContabilidad _95846 |
|
| 650 | 0 |
_aDerecho mercantil _944865 |
|
| 700 | 1 |
_aGoxens Orensanz, Maria Ángeles. _947982 |
|
| 700 | 1 |
_aGonzález Navarro, Elena. _947983 |
|
| 700 | 1 |
_aMelús Fernández, Jesús Javier. _947984 |
|
| 700 | 1 |
_aGonzález Navarro, Ana. _947985 |
|
| 942 |
_2ddc _cLBS1 |
||
| 999 |
_c22795 _d22795 |
||